000 01156nam a2200337 a 4500
001 BRCA_8531
005 20190320210325.0
008 100816s1532----it-#######---#000-0#lat-#
041 _alat
044 _ait
050 4 _aQB7
_b.S78
_c1532
100 1 _aStoefleri Justín, Joannis
_921397
245 1 0 _aEphemeridum opus
_cJoannis Stoefleri Justín.
260 _aVenetijs
_bEdibus Petri liechtenstein
_c1532
300 _a1 vol. (sin paginación)
_c22 cm.
500 _aFondo antiguo
500 _aSe encuentra en Caja Fuerte
500 _aW-143
500 _aCon Ex-libris de: Franz Mayer
500 _aEn la cubierta se localiza una nota con información
500 _aEn la guarda se localiza un texto en manuscrito
500 _aIncluye tablas
500 _aIncluye erratas
500 _aNota de encuadernación: en piel pergamino
505 0 _aContiene: Ephemeris anno Christi 1532-1556
506 0 _aFondo reservado: para su consulta es necesario credencial de usuario y carta de motivos
650 1 4 _aAstronomía
_vTablas
_921398
650 1 4 _aAstronomía
_vTrabajos anteriores a 1800
_921399
902 _aLAR
942 _2lcc
_cB
999 _c8197
_d8197